Mexican Geography on the Map - Statistics

General Stats
  • This quiz has been taken 1,996 times
  • The average score is 13 of 30
Answers on the Map
Answers color-coded by a green-red scale on the quiz's map according to % correct below.
 
Answer Stats
Geography % Correct
Baja California
96%
Mexico City
96%
Yucatán
90%
Rio Grande
83%
Guadalajara
81%
Cancún
80%
Tijuana
79%
Monterrey
75%
Gulf of Mexico
67%
Caribbean
59%
Acapulco
57%
Cabo San Lucas
51%
Mérida
49%
Veracruz
48%
Jalisco
46%
Chiapas
43%
Sinaloa
42%
Nuevo León
39%
Sonoran Desert
31%
Chihuahuan Desert
24%
Mazatlán
19%
Cozumel
18%
Popocatépetl
15%
Pico de Orizaba
14%
Nevado de Toluca
7%
Puerta Vallarta
6%
Grijalva
4%
Iztaccihuatl
4%
Champala
3%
Cofre de Perote
2%
No matching quizzes found
Score Distribution
Percent of People with Each Score
Percentile by Number Answered
Your Score History
You have not taken this quiz